Mechanics of fluids (Record no. 478508)

000 -LEADER
fixed length control field 01082cam a22003134a 4500
001 - CONTROL NUMBER
control field 12369501
003 - CONTROL NUMBER IDENTIFIER
control field NUST
005 - DATE AND TIME OF LATEST TRANSACTION
control field 20180601062859.0
008 - FIXED-LENGTH DATA ELEMENTS--GENERAL INFORMATION
fixed length control field 010404s2002 caua b 001 0 eng
010 ## - LIBRARY OF CONGRESS CONTROL NUMBER
LC control number 2001035128
020 ## - INTERNATIONAL STANDARD BOOK NUMBER
International Standard Book Number 0534379966 (alk. paper)
038 ## - RECORD CONTENT LICENSOR
Staff Name SNS Library
040 ## - CATALOGING SOURCE
Original cataloging agency DLC
Transcribing agency DLC
Modifying agency DLC
042 ## - AUTHENTICATION CODE
Authentication code pcc
050 00 - LIBRARY OF CONGRESS CALL NUMBER
Classification number TA357
Item number .P725 2002
082 00 - DEWEY DECIMAL CLASSIFICATION NUMBER
Classification number 620.1/06
Edition number 21
100 1# - MAIN ENTRY--PERSONAL NAME
Personal name Potter, Merle C.
9 (RLIN) 3288
245 10 - TITLE STATEMENT
Title Mechanics of fluids
Statement of responsibility, etc. Merle C. Potter ... [et al.].
250 ## - EDITION STATEMENT
Edition statement 3rd ed.
260 ## - PUBLICATION, DISTRIBUTION, ETC.
Place of publication, distribution, etc. Pacific Grove, CA :
Name of publisher, distributor, etc. Brooks Cole /Thompson Learning,
Date of publication, distribution, etc. c2002.
300 ## - PHYSICAL DESCRIPTION
Extent xvi, 863 p. :
Other physical details ill. (some col.) ;
Dimensions 25 cm.
504 ## - BIBLIOGRAPHY, ETC. NOTE
Bibliography, etc. note Includes bibliographical references and index.
650 #0 - SUBJECT ADDED ENTRY--TOPICAL TERM
Topical term or geographic name entry element Fluid mechanics.
9 (RLIN) 1678
700 1# - ADDED ENTRY--PERSONAL NAME
Personal name Wiggert, D. C.
9 (RLIN) 3289
700 1# - ADDED ENTRY--PERSONAL NAME
Personal name Hondzo, Midhat.
9 (RLIN) 10729
906 ## - LOCAL DATA ELEMENT F, LDF (RLIN)
a 7
b cbc
c orignew
d 1
e ocip
f 20
g y-gencatlg
942 ## - ADDED ENTRY ELEMENTS (KOHA)
Source of classification or shelving scheme
Koha item type Book
Holdings
Withdrawn status Lost status Source of classification or shelving scheme Damaged status Not for loan Permanent Location Current Location Date acquired Total Checkouts Total Renewals Full call number Barcode Date last seen Date last checked out Price effective from Koha item type
          School of Natural Sciences (SNS) School of Natural Sciences (SNS) 06/01/2018 1 2 620.1/06 SNS0002359 01/29/2025 09/13/2024 06/01/2018 Book
© 2023 Central Library, National University of Sciences and Technology. All Rights Reserved.